5 Miast z każdego kontynetu. - Statystyki

Ogólne statystyki
  • Ten quiz został rozwiązany 35 razy
  • Średni wynik to 16 z 30
Statystyki odpowiedzi
Kontynet Kraj Miasto % Poprawnych
Azja Japonia Tokio
91%
Europa Wielka Brytania Londyn
85%
Australia Australia Sydney
85%
Europa Polska Warszawa
85%
Azja Turcja Ankara
76%
Europa Łotwa Ryga
76%
Afryka Egipt Kair
73%
Europa Malta Valletta
70%
Ameryka Północna Stany Zjednoczone Waszyngton
70%
Europa Albania Tirana
64%
Ameryka Południowa Argentyna Buenos Aires
61%
Australia Australia Canberra
61%
Ameryka Północna Meksyk Meksyk
61%
Ameryka Południowa Brazylia Brasilia
58%
Ameryka Północna Kanada Ottawa
58%
Azja Kazachstan Astana
55%
Ameryka Południowa Urugwaj Montevideo
55%
Azja Tajlandia Bangkok
52%
Ameryka Południowa Peru Lima
52%
Afryka RPA Kapsztad
45%
Australia Australia Perth
45%
Ameryka Południowa Gujana Georgetown
36%
Afryka Madagaskar Antananarywa
30%
Afryka DRK Kinszasa
27%
Afryka Somalia Mogadiszu
27%
Ameryka Północna Dominikana Santo Domingo
24%
Azja Sri Lanka Kolombo
21%
Australia Australia Hobart
9%
Ameryka Północna Antigua i Barbuda Saint John's
9%
Australia Australia Darwin
3%
Nie znaleziono quizów pasujących do podanych kryteriów
Rozkład punktacji
Procent ludzi z każdym wynikiem
Percentyl według liczby udzielonych odpowiedzi
Twoja historia wyników
Nie rozwiązałeś tego quizu